书目信息 |
| 题名: |
电工与电子技术
|
|
| 作者: | 徐秀平 , 项华珍 编 | |
| 分册: | ||
| 出版信息: | 广州 华南工学院出版社 2002.09 |
|
| 页数: | 309页 | |
| 开本: | 20cm | |
| 丛书名: | ||
| 单 册: | ||
| 中图分类: | TM-33 | |
| 科图分类: | ||
| 主题词: | 电工技术 | |
| 电子资源: | ||
| ISBN: | 7-5623-1867-0 | |
| 000 | 00604nam0 2200205 450 | |
| 001 | 0554305436 | |
| 005 | 20050617150505.44 | |
| 010 | @a7-5623-1867-0@d30.00CNY | |
| 100 | @a20050617d2002 km y0chiy0120 ea | |
| 101 | 0 | @achi |
| 102 | @aCN@b440000 | |
| 200 | 1 | @a电工与电子技术@Adian gong yu dian zi ji shu@f徐秀平,项华珍编@Fxu xiu ping,xiang hua zhen bian |
| 210 | @a广州@c华南工学院出版社@d2002.09 | |
| 215 | @a309页@d20cm | |
| 606 | 0 | @a电工技术 |
| 690 | @aTM-33 | |
| 701 | 0 | @a徐秀平@Axu xiu ping@4编 |
| 701 | 0 | @a项华珍@Axiang hua zhen@4编 |
| 801 | 0 | @aCN@bPFT@c20050617 |
| 905 | @a10447@dTM-33@eX820 | |
| 电工与电子技术/徐秀平,项华珍编.-广州:华南工学院出版社,2002.09 |
| 309页;20cm |
| ISBN 7-5623-1867-0:30.00CNY |
| ● |
| 相关链接 |
|
|
|
正题名:电工与电子技术
索取号:TM-33/X820
 
预约/预借
| 序号 | 登录号 | 条形码 | 馆藏地/架位号 | 状态 | 备注 |
| 1 | 539126 | 205391262 | 自科库301/301自科库 2排3列2层/ [索取号:TM-33/X820] | 在馆 | |
| 2 | 539127 | 205391271 | 自科二线404/404自科库 16排5列5层/ [索取号:TM-33/X820] | 在馆 | |
| 3 | 539128 | 205391280 | 自科库301/301自科库 2排3列2层/ [索取号:TM-33/X820] | 在馆 |